Analýza kapitálového trhu SR

Numerická analýza dynamiky obchodovania na kapitálovom trhu SR. Údaje o uzavretých obchodoch boli numericky spracované. Použitie matematicko-štatistickej metódy lineárnej regresie v tvare priamky a v linearizovateľnom tvare. Za ťažiskový parameter charakterizujúci funkčnosť kapitálového trhu bol zvo...

Descrizione completa

Salvato in:
Dettagli Bibliografici
Autore principale: Páleník, Viliam
Natura: Capitolo di libro
Lingua:slovacco
Soggetti:
Tags: Aggiungi Tag
Nessun Tag, puoi essere il primo ad aggiungerne!!

MARC

LEADER 00000naa a2200000 4500
001 r014851
005 20221205085834.8
041 0 |a slo 
044 |a SK 
245 1 0 |a Analýza kapitálového trhu SR  |c Viliam Páleník 
520 |a Numerická analýza dynamiky obchodovania na kapitálovom trhu SR. Údaje o uzavretých obchodoch boli numericky spracované. Použitie matematicko-štatistickej metódy lineárnej regresie v tvare priamky a v linearizovateľnom tvare. Za ťažiskový parameter charakterizujúci funkčnosť kapitálového trhu bol zvolený obrat s týždennou periodicitou. Práca uvádza výsledky obchodovania na BCP v Bratislave, BOB a RM-Systéme Slovakia. 
610 2 0 |a trh kapitálový 
610 2 0 |a burzy 
610 2 0 |a BCP Bratislava 
610 2 0 |a BOB Bratislava 
610 2 0 |a RM-Systém Slovakia 
610 2 0 |a Slovensko 
610 2 0 |a obchody burzové 
610 2 0 |a metódy matematicko-štatistické 
100 1 |a Páleník, Viliam